| 000 | 00397nam a2200157 i 4500 | ||
|---|---|---|---|
| 001 | 47292 | ||
| 003 | ES-MaACL | ||
| 005 | 20230906161533.0 | ||
| 007 | t| | ||
| 008 | 030404s1961 sp ||||1| spa d | ||
| 245 | 0 | 0 | _aCooperativas de consumo. |
| 260 |
_a[Madrid] : _bPopular, _c[1961] |
||
| 300 |
_a91 p. ; _c16 cm. |
||
| 500 | _aPrecede al tít.: J.M.L. | ||
| 852 |
_aES-MaACL _jC-21068 _bR.49080 |
||
| 999 |
_c47292 _d47292 |
||